IsiZulu Soqobo Umtapo Wolwazi LweSiZulu Ibanga 10 (Record no. 731837)

MARC details
000 -LEADER
fixed length control field 00465nam a22001577a 4500
005 - DATE AND TIME OF LATEST TRANSACTION
control field 20220916092250.0
008 - FIXED-LENGTH DATA ELEMENTS--GENERAL INFORMATION
fixed length control field 220916b sa ||||| |||| 00| 0 eng d
020 ## - INTERNATIONAL STANDARD BOOK NUMBER
International Standard Book Number <a href="9780796056511">9780796056511</a>
Qualifying information
040 ## - CATALOGING SOURCE
Original cataloging agency OCLC
Transcribing agency RDA
942 ## - ADDED ENTRY ELEMENTS
Creator Name Thoko Moyakene
Creator ID 166
Modifier ID 166
Modifier Name Thoko Moyakene
100 ## - MAIN ENTRY--PERSONAL NAME
Personal name Mbhele, N.F., Mahlangu, AB.
245 ## - TITLE STATEMENT
Title IsiZulu Soqobo Umtapo Wolwazi LweSiZulu Ibanga 10
260 ## - PUBLICATION, DISTRIBUTION, ETC.
Place of publication, distribution, etc. Pietermaritzburg:
Date of publication, distribution, etc. 2011.
Name of publisher, distributor, etc. Shuter & Shooter,
300 ## - PHYSICAL DESCRIPTION
Extent 87 Pages;
Dimensions 30 cm
942 ## - ADDED ENTRY ELEMENTS
Source of classification or shelving scheme Dewey Decimal Classification
item type Book
Holdings
Withdrawn status Lost status Source of classification or shelving scheme Damaged status Not for loan Collection code Home library Current library Shelving location Date acquired Total Checkouts Barcode Date last seen Price effective from item type Cost, normal purchase price Full call number
    Dewey Decimal Classification     400: Language KWAMHLANGA REGIONAL LIBRARY LOOPSPRUIT General Stacks 16.09.2022   33228031070579 16.09.2022 16.09.2022 Book    
    Dewey Decimal Classification     400: Language Standerton Regional Library Lebohang General Stacks 21.12.2023   33228031013673 21.12.2023 21.12.2023 Book 387.00 ZUL 496.39868 ISIZ